000
00254nam a22001097a 4500
082
_a
576 LIN'P
100
_a
LINDAY, E. M
_9
80146
245
_a
PRACTICAL INTRODUCTIONTO MICROBIOLOGY
260
_a
LONDON
_b
E & F SPAN
_c
1962
300
_a
227P
942
_c
BK
999
_c
585108
_d
585108